| 000 | 01218pam a2200325 a 4500 | ||
|---|---|---|---|
| 001 | 3944257 | ||
| 003 | OSt | ||
| 005 | 20140310182250.0 | ||
| 008 | 931117s1994 nyu j 000 1 eng | ||
| 010 | _a 93044110 | ||
| 020 |
_a0670853402 : _c$14.99 |
||
| 040 |
_aDLC _cDLC _dDLC |
||
| 042 | _alcac | ||
| 050 | 0 | 0 |
_aPZ 7 _b.R18133Mi 1994 |
| 082 | 0 | 0 |
_aFIC R18m _b1994 |
| 100 | 1 |
_aRapp, Adam. _919843 |
|
| 245 | 1 | 0 |
_aMissing the piano / _cAdam Rapp. |
| 260 |
_aNew York, N.Y., U.S.A. : _bViking, _cc1994. |
||
| 300 |
_a198 p. ; _c22 cm. |
||
| 520 | _aWhen Mike's mother and sister go on tour with "Les Miserables," Mike's father and his new wife enroll Mike in St. Matthew's Military Academy where, facing brutality and ignorance, he learns to survive. | ||
| 650 | 1 |
_aMilitary education _vFiction. _919844 |
|
| 650 | 1 |
_aBoarding schools _vFiction. _919845 |
|
| 650 | 1 |
_aSchools _vFiction. _919846 |
|
| 650 | 1 |
_aFamily problems _vFiction. _919847 |
|
| 650 | 1 |
_aComing of age _vFiction. _919848 |
|
| 906 |
_a7 _bcbc _corignew _d1 _eocip _f19 _gy-gencatlg |
||
| 942 |
_2lcc _cBK-FIC |
||
| 999 |
_c11335 _d11335 |
||